[Event "Skopje"]
[Site "Skopje"]
[Date "1976.??.??"]
[Round "7"]
[White "Sofrevski, Jovan"]
[Black "Velimirovic, Dragoljub"]
[Result "1-0"]
[WhiteElo "2450"]
[BlackElo "2525"]
[PlyCount "73"]
[EventDate "1976.03.??"]
[EventType "tourn"]
[EventRounds "15"]
[EventCountry "YUG"]
[EventCategory "10"]
[Source "ChessBase"]
[SourceDate "1999.07.01"]
[WhiteTeamCountry "YUG"]
[BlackTeamCountry "FIN"]

1. Nf3 c5 2. c4 g6 3. d4 Bg7 4. e4 Na6 5. d5 d6 6. Be2 Nc7 7. Nc3 Nf6 8. O-O
O-O 9. Bf4 a6 10. a4 b6 11. h3 Bd7 12. e5 Nfe8 13. Qd2 Rb8 14. Rfe1 Rb7 15. Bf1
b5 16. axb5 axb5 17. b3 bxc4 18. bxc4 Qb8 19. Ne4 Rb2 20. Qa5 Rb6 21. Qa7 f5
22. Ned2 h6 23. h4 Qxa7 24. Rxa7 Bc8 25. Re3 Rf7 26. Rb3 Ra6 27. Rxa6 Nxa6 28.
Rb6 dxe5 29. Nxe5 Bxe5 30. Bxe5 Nf6 31. Bf4 Kg7 32. Nb3 e6 33. Rc6 Rf8 34. dxe6
Re8 35. Be5 Bb7 36. Rb6 Bc8 37. e7 1-0

[Event "Skopje"]
[Site "Skopje"]
[Date "1976.??.??"]
[Round "9"]
[White "Ivanovic, Bozidar"]
[Black "Velimirovic, Dragoljub"]
[Result "0-1"]
[WhiteElo "2385"]
[BlackElo "2525"]
[PlyCount "102"]
[EventDate "1976.03.??"]
[EventType "tourn"]
[EventRounds "15"]
[EventCountry "YUG"]
[EventCategory "10"]
[Source "ChessBase"]
[SourceDate "1999.07.01"]
[WhiteTeamCountry "YUG"]
[BlackTeamCountry "FIN"]

1. e4 c5 2. Nf3 Nc6 3. d4 cxd4 4. Nxd4 g6 5. Nc3 Bg7 6. Be3 Nf6 7. Bc4 O-O 8.
Bb3 d6 9. f3 Bd7 10. Qd2 Qa5 11. h4 Rfc8 12. O-O-O Ne5 13. Kb1 Nc4 14. Bxc4
Rxc4 15. Nb3 Qc7 16. h5 Rc8 17. e5 Ne8 18. Nd5 Qd8 19. Bg5 Rxc2 20. Nxe7+ Qxe7
21. Bxe7 Bf5 22. Ka1 Bxe5 23. Nd4 Rxd2 24. Rxd2 Bf4 25. Rdd1 Bc2 26. Nxc2 Rxc2
27. Rh4 g5 28. Rhh1 f6 29. Rhg1 Be5 30. Rge1 Rxg2 31. Rd3 Bxb2+ 32. Kb1 Be5 33.
Rb3 b6 34. a4 Kf7 35. Bd8 Ke6 36. a5 bxa5 37. Rb7 Kf5 38. Bxa5 d5 39. Rxh7 Nd6
40. Rxa7 Nc4 41. Rxe5+ Nxe5 42. Ra6 Nxf3 43. Bd8 Nd2+ 44. Kc1 Ne4 45. Ra5 Ke5
46. h6 Rg4 47. h7 Rh4 48. Ra7 g4 49. Rg7 Kf5 50. Kd1 Rh2 51. Ke1 g3 0-1

[Event "Skopje"]
[Site "Skopje"]
[Date "1976.??.??"]
[Round "10"]
[White "Velimirovic, Dragoljub"]
[Black "Ivkov, Borislav"]
[Result "1/2-1/2"]
[WhiteElo "2525"]
[BlackElo "2520"]
[PlyCount "52"]
[EventDate "1976.03.??"]
[EventType "tourn"]
[EventRounds "15"]
[EventCountry "YUG"]
[EventCategory "10"]
[Source "ChessBase"]
[SourceDate "1999.07.01"]
[WhiteTeamCountry "YUG"]
[BlackTeamCountry "FIN"]

1. e4 e5 2. Nf3 Nc6 3. d4 exd4 4. c3 d3 5. Bxd3 d6 6. h3 Nf6 7. O-O Be7 8. Nbd2
O-O 9. Nd4 Re8 10. f4 Nd7 11. N2f3 Bf6 12. Be3 g6 13. Qc2 Bg7 14. Rae1 Nxd4 15.
cxd4 c5 16. dxc5 Nxc5 17. Bxc5 dxc5 18. Bc4 Be6 19. f5 Bxc4 20. Qxc4 gxf5 21.
exf5 Qf6 22. Qxc5 Rxe1 23. Rxe1 Qxb2 24. Qc4 Rd8 25. Re2 Qb1+ 26. Kh2 Qxf5
1/2-1/2

[Event "Skopje"]
[Site "Skopje"]
[Date "1976.??.??"]
[Round "11"]
[White "Matanovic, Aleksandar"]
[Black "Velimirovic, Dragoljub"]
[Result "1/2-1/2"]
[WhiteElo "2525"]
[BlackElo "2525"]
[PlyCount "145"]
[EventDate "1976.03.??"]
[EventType "tourn"]
[EventRounds "15"]
[EventCountry "YUG"]
[EventCategory "10"]
[Source "ChessBase"]
[SourceDate "1999.07.01"]
[WhiteTeamCountry "YUG"]
[BlackTeamCountry "FIN"]

1. e4 c5 2. Nf3 Nc6 3. d4 cxd4 4. Nxd4 g6 5. Be2 Bg7 6. Nb3 Nf6 7. Nc3 O-O 8.
O-O d6 9. Bg5 a5 10. a4 Be6 11. Kh1 Nd7 12. f4 Bxb3 13. cxb3 Nc5 14. Bc4 Bxc3
15. bxc3 Nxe4 16. Bh6 Nf6 17. Bxf8 Kxf8 18. Qf3 Qb6 19. Rae1 Rd8 20. Bb5 Na7
21. f5 Nxb5 22. fxg6 hxg6 23. Qe2 Rd7 24. axb5 Kg7 25. c4 Qc5 26. Qf3 Qd4 27.
Rd1 Qg4 28. Qc3 b6 29. Qe3 Rb7 30. Rd4 Qe6 31. Qf2 Rc7 32. Re1 Qd7 33. Qe3 Ng8
34. Rd5 Nf6 35. Rg5 a4 36. c5 dxc5 37. bxa4 Ra7 38. Qf4 Qd4 39. Qxd4 cxd4 40.
Ra1 d3 41. Kg1 d2 42. Rd1 Rxa4 43. Kf1 Rd4 44. Rg3 Ne4 45. Ra3 Kf6 46. Ke2 Ke5
47. g4 f5 48. gxf5 gxf5 49. h4 Rc4 50. h5 Nc3+ 51. Rxc3 Rxc3 52. Kxd2 Rh3 53.
Re1+ Kd6 54. Rc1 Rxh5 55. Rc6+ Kd5 56. Rxb6 Rh2+ 57. Kc3 f4 58. Rb8 e5 59. b6
Ke4 60. Rc8 Rh7 61. Rc7 Rh8 62. b7 Rb8 63. Kd2 Kf3 64. Ke1 e4 65. Rh7 e3 66.
Rh3+ Ke4 67. Rh7 Rd8 68. Rh4 Rg8 69. Kf1 Kd3 70. Rh7 Ke4 71. Rg7 Rh8 72. Rh7
Rb8 73. Ke1 1/2-1/2

[Event "Skopje"]
[Site "Skopje"]
[Date "1976.??.??"]
[Round "12"]
[White "Velimirovic, Dragoljub"]
[Black "Jancev, Lazo"]
[Result "1-0"]
[WhiteElo "2525"]
[BlackElo "2200"]
[PlyCount "63"]
[EventDate "1976.03.??"]
[EventType "tourn"]
[EventRounds "15"]
[EventCountry "YUG"]
[EventCategory "10"]
[Source "ChessBase"]
[SourceDate "1999.07.01"]
[WhiteTeamCountry "YUG"]
[BlackTeamCountry "FIN"]

1. e4 e6 2. d4 d5 3. Nc3 Bb4 4. e5 c5 5. dxc5 Bxc3+ 6. bxc3 Qa5 7. Bd2 Ne7 8.
Qg4 Nbc6 9. Nf3 Ng6 10. Bd3 Qc7 11. O-O Bd7 12. Rfe1 O-O-O 13. Rab1 Ncxe5 14.
Nxe5 Nxe5 15. Rxe5 Qxe5 16. Qb4 Bc6 17. Bf4 Qf6 18. Bb5 e5 19. Bxe5 Qe6 20. Bg3
Rhe8 21. h3 g5 22. Qa5 Re7 23. Qxa7 Bxb5 24. Qa8+ Kd7 25. Qxb7+ Ke8 26. Qxb5+
Kf8 27. Bd6 Kg7 28. Bxe7 Qxe7 29. Qb4 Kg8 30. Qd4 Qe6 31. c4 Qf5 32. Rd1 1-0

[Event "Skopje"]
[Site "Skopje"]
[Date "1976.??.??"]
[Round "13"]
[White "Georgievski, Vanco"]
[Black "Velimirovic, Dragoljub"]
[Result "0-1"]
[WhiteElo "2250"]
[BlackElo "2525"]
[PlyCount "56"]
[EventDate "1976.03.??"]
[EventType "tourn"]
[EventRounds "15"]
[EventCountry "YUG"]
[EventCategory "10"]
[Source "ChessBase"]
[SourceDate "1999.07.01"]
[WhiteTeamCountry "YUG"]
[BlackTeamCountry "FIN"]

1. c4 g6 2. g3 Bg7 3. Bg2 e5 4. Nc3 Ne7 5. d3 d6 6. e4 a6 7. Nge2 Be6 8. Be3
Qd7 9. Nd5 O-O 10. O-O Nc8 11. Bh6 c6 12. Bxg7 Kxg7 13. Ne3 c5 14. f4 f6 15. f5
Bg8 16. fxg6 hxg6 17. g4 Nc6 18. Ng3 Nd4 19. Qd2 Ne7 20. h4 Be6 21. g5 fxg5 22.
hxg5 Rf4 23. Ne2 Nxe2+ 24. Qxe2 Nc6 25. Bf3 Nd4 26. Qg2 Bh3 27. Nf5+ Rxf5 28.
Qxh3 Rxg5+ 0-1

[Event "Skopje"]
[Site "Skopje"]
[Date "1976.??.??"]
[Round "14"]
[White "Velimirovic, Dragoljub"]
[Black "Tarjan, James Edward"]
[Result "0-1"]
[WhiteElo "2525"]
[BlackElo "2490"]
[PlyCount "46"]
[EventDate "1976.03.??"]
[EventType "tourn"]
[EventRounds "15"]
[EventCountry "YUG"]
[EventCategory "10"]
[Source "ChessBase"]
[SourceDate "1999.07.01"]
[WhiteTeamCountry "YUG"]
[BlackTeamCountry "FIN"]

1. e4 c5 2. Nf3 e6 3. d4 cxd4 4. Nxd4 a6 5. c4 Nf6 6. Nc3 Qc7 7. Be2 Bb4 8. O-O
Bxc3 9. bxc3 Nxe4 10. Bf3 Nc5 11. Nb3 O-O 12. Qd4 Nxb3 13. axb3 Nc6 14. Bxc6 e5
15. Qe3 dxc6 16. Ba3 Re8 17. Rad1 Bf5 18. Bd6 Qa5 19. Rd2 Rad8 20. b4 Qa3 21.
Bxe5 Rxd2 22. Qxd2 a5 23. bxa5 Rxe5 0-1

[Event "Skopje"]
[Site "Skopje"]
[Date "1976.??.??"]
[Round "15"]
[White "Timman, Jan H"]
[Black "Velimirovic, Dragoljub"]
[Result "1/2-1/2"]
[WhiteElo "2550"]
[BlackElo "2525"]
[PlyCount "78"]
[EventDate "1976.03.??"]
[EventType "tourn"]
[EventRounds "15"]
[EventCountry "YUG"]
[EventCategory "10"]
[Source "ChessBase"]
[SourceDate "1999.07.01"]
[WhiteTeamCountry "YUG"]
[BlackTeamCountry "FIN"]

1. d4 Nf6 2. c4 c5 3. d5 g6 4. Nc3 Bg7 5. e4 O-O 6. Nf3 d6 7. h3 e6 8. Bd3 exd5
9. exd5 Re8+ 10. Be3 b5 11. Nxb5 Ne4 12. O-O a6 13. Nc3 Nxc3 14. bxc3 Bxc3 15.
Rb1 Nd7 16. Rb3 Bg7 17. Bf4 Ne5 18. Nxe5 Bxe5 19. Bxe5 Rxe5 20. Qd2 Re8 21. Re1
Rxe1+ 22. Qxe1 a5 23. Qb1 Bd7 24. Rb7 Be8 25. Qb2 a4 26. a3 Qg5 27. g3 Qh6 28.
Rb8 Rxb8 29. Qxb8 Qf8 30. Bc2 Bd7 31. Qxf8+ Kxf8 32. Kg2 Kg7 33. f4 h5 34. Bd1
Kf6 35. g4 hxg4 36. hxg4 Kg7 37. Kf3 f6 38. Bc2 Be8 39. f5 g5 1/2-1/2

[Event "Arandjelovac zt playoff"]
[Site "Arandjelovac"]
[Date "1976.??.??"]
[Round "?"]
[White "Velimirovic, Dragoljub"]
[Black "Uhlmann, Wolfgang"]
[Result "0-1"]
[WhiteElo "2525"]
[BlackElo "2555"]
[PlyCount "158"]
[EventDate "1976.04.??"]
[EventType "tourn"]
[EventRounds "6"]
[EventCountry "YUG"]
[Source "ChessBase"]
[SourceDate "2000.11.22"]
[WhiteTeamCountry "YUG"]
[BlackTeamCountry "FIN"]

1. e4 e6 2. d4 d5 3. Nd2 c5 4. exd5 exd5 5. Ngf3 Nc6 6. Bb5 Bd6 7. dxc5 Bxc5 8.
O-O Nge7 9. Nb3 Bd6 10. c3 O-O 11. h3 Bf5 12. Bd3 Re8 13. Re1 Qd7 14. Be3 Rad8
15. Bxf5 Nxf5 16. Qd3 Nxe3 17. Rxe3 Rxe3 18. Qxe3 Qe7 19. Re1 Qxe3 20. Rxe3 Kf8
21. Kf1 Bc7 22. Nbd4 Nxd4 23. Nxd4 Bb6 24. Rd3 Bxd4 25. Rxd4 Ke7 26. Ke2 Rd6
27. Ra4 Rb6 28. b3 a6 29. Kd3 Rf6 30. f3 Rg6 31. g4 Rh6 32. Rb4 b5 33. a4 bxa4
34. Rb7+ Ke8 35. bxa4 Rxh3 36. Ke3 h5 37. gxh5 Rxh5 38. Ra7 d4+ 39. Kxd4 Ra5
40. c4 Rxa4 41. Kd5 Ra3 42. c5 Rxf3 43. Kd6 Rd3+ 44. Kc7 g5 45. c6 g4 46. Kb6
g3 47. Ra8+ Rd8 48. Rxd8+ Kxd8 49. Kb7 g2 50. c7+ Ke7 51. c8=Q g1=Q 52. Qc7+
Kf6 53. Qf4+ Kg7 54. Qe5+ Kh7 55. Kxa6 Qg4 56. Kb5 Kg6 57. Qe8 Qf5+ 58. Kb4 Kg5
59. Kc3 Kf4 60. Qd8 Qe5+ 61. Kd2 Kf3 62. Qa8+ Qe4 63. Qh8 f5 64. Kc3 Kg2 65.
Kb3 f4 66. Qg7+ Kf2 67. Qb2+ Qe2 68. Qh8 f3 69. Qh4+ Kg2 70. Qg5+ Kf1 71. Qc1+
Kf2 72. Ka4 Qe4+ 73. Kb5 Qd5+ 74. Ka6 Kg2 75. Qb2+ f2 76. Qg7+ Kf3 77. Qf6+ Ke3
78. Qe7+ Qe4 79. Qg5+ Kd3 0-1

[Event "IBM"]
[Site "Amsterdam"]
[Date "1976.??.??"]
[Round "11"]
[White "Velimirovic, Dragoljub"]
[Black "Sigurjonsson, Gudmundur"]
[Result "1/2-1/2"]
[WhiteElo "2525"]
[BlackElo "2530"]
[PlyCount "93"]
[EventDate "1976.07.??"]
[EventType "tourn"]
[EventRounds "15"]
[EventCountry "NED"]
[EventCategory "11"]
[Source "ChessBase"]
[SourceDate "1999.07.01"]
[WhiteTeamCountry "YUG"]
[BlackTeamCountry "FIN"]

1. e4 c5 2. Nf3 d6 3. Bb5+ Nd7 4. d4 Ngf6 5. e5 cxd4 6. Qxd4 dxe5 7. Nxe5 a6 8.
Bxd7+ Bxd7 9. Nd2 Be6 10. Ndf3 Qxd4 11. Nxd4 Bd5 12. O-O e6 13. c4 Be4 14. f3
Bc5 15. Be3 Bg6 16. Rfd1 O-O-O 17. Nf5 Bxe3+ 18. Nxe3 Nd7 19. Nxg6 hxg6 20. b4
Kc7 21. Ng4 f6 22. Re1 Rhe8 23. Rad1 Nb6 24. Rxd8 Rxd8 25. Rxe6 Nxc4 26. h4
Rd1+ 27. Kh2 Kd7 28. Re4 b5 29. Ne3 Nxe3 30. Rxe3 Rd4 31. Ra3 Rxh4+ 32. Kg3
Rxb4 33. Rxa6 Ra4 34. Rb6 b4 35. Rb7+ Kc8 36. Rxg7 Rxa2 37. Rxg6 Ra6 38. Rg4
Rb6 39. Rc4+ Kd7 40. Rc2 b3 41. Rb2 Ke6 42. Kf4 Kd5 43. Kf5 Kd4 44. g4 Kc3 45.
Rb1 b2 46. f4 Kc2 47. Rf1 1/2-1/2

[Event "Novi Sad"]
[Site "Novi Sad"]
[Date "1976.09.29"]
[Round "1"]
[White "Notaros, Krasoje"]
[Black "Velimirovic, Dragoljub"]
[Result "1/2-1/2"]
[WhiteElo "2350"]
[BlackElo "2525"]
[PlyCount "143"]
[EventDate "1976.09.29"]
[EventType "tourn"]
[EventRounds "11"]
[EventCountry "YUG"]
[Source "ChessBase"]
[SourceDate "1998.11.10"]
[WhiteTeamCountry "YUG"]
[BlackTeamCountry "FIN"]

1. Nf3 c5 2. e4 Nc6 3. Bb5 e6 4. O-O Nge7 5. Re1 a6 6. Bf1 d5 7. exd5 Qxd5 8.
Nc3 Qd8 9. d3 b6 10. Ne4 Bb7 11. Bg5 h6 12. Bh4 Qd7 13. c3 Nf5 14. Qb3 Qc7 15.
Bg3 Nxg3 16. hxg3 Be7 17. Rad1 Rd8 18. a4 O-O 19. Ned2 Na5 20. Qc2 Rd5 21. Nc4
Nxc4 22. dxc4 Rxd1 23. Rxd1 Rd8 24. Rxd8+ Bxd8 25. Bd3 f5 26. Qe2 Qc6 27. Ne1
Bf6 28. g4 g6 29. Bc2 Qd6 30. Qd3 Qxd3 31. Bxd3 Bc6 32. gxf5 gxf5 33. Bc2 Be5
34. Nd3 Bd6 35. f3 Kf7 36. Kf2 Kf6 37. g3 e5 38. Ne1 Kg5 39. Ng2 f4 40. gxf4+
exf4 41. Ne1 Bd7 42. Kg2 Be7 43. Bd1 Be6 44. Be2 Kf6 45. Kh2 Kf7 46. Nd3 Bf5
47. Kg2 Bd6 48. Kh2 Bd7 49. Bd1 Be6 50. b3 Bf5 51. Be2 Kf6 52. Kg2 a5 53. Nf2
Bc2 54. Bd1 Bb1 55. Be2 Bc2 56. Bd1 Bf5 57. Be2 Be5 58. Bd3 Bd7 59. Ng4+ Bxg4
60. fxg4 Bxc3 61. Kf3 Ke5 62. Be4 Bd2 63. Bb7 Kd4 64. Bc6 Kc3 65. Ke2 Be3 66.
Kf3 Kxb3 67. Bb5 Kc3 68. Ba6 Kd4 69. Bb5 Ke5 70. Be8 Bg1 71. Bb5 Bh2 72. Be8
1/2-1/2

[Event "Novi Sad"]
[Site "Novi Sad"]
[Date "1976.09.30"]
[Round "2"]
[White "Velimirovic, Dragoljub"]
[Black "Gligoric, Svetozar"]
[Result "1/2-1/2"]
[WhiteElo "2525"]
[BlackElo "2575"]
[PlyCount "21"]
[EventDate "1976.09.29"]
[EventType "tourn"]
[EventRounds "11"]
[EventCountry "YUG"]
[Source "ChessBase"]
[SourceDate "1998.11.10"]
[WhiteTeamCountry "YUG"]
[BlackTeamCountry "FIN"]

1. e4 e5 2. Nf3 Nc6 3. Bb5 a6 4. Bxc6 dxc6 5. O-O Bd6 6. c3 Bg4 7. d4 f6 8. Be3
Nh6 9. Nbd2 Nf7 10. Qb3 Qc8 11. h3 1/2-1/2

[Event "Novi Sad"]
[Site "Novi Sad"]
[Date "1976.10.01"]
[Round "3"]
[White "Matulovic, Milan"]
[Black "Velimirovic, Dragoljub"]
[Result "0-1"]
[WhiteElo "2505"]
[BlackElo "2525"]
[PlyCount "81"]
[EventDate "1976.09.29"]
[EventType "tourn"]
[EventRounds "11"]
[EventCountry "YUG"]
[Source "ChessBase"]
[SourceDate "1998.11.10"]
[WhiteTeamCountry "YUG"]
[BlackTeamCountry "FIN"]

1. e4 c5 2. Nf3 d6 3. d4 cxd4 4. Nxd4 Nf6 5. Nc3 g6 6. Be3 Bg7 7. f3 O-O 8. Qd2
Nc6 9. Bc4 Bd7 10. h4 Rc8 11. Bb3 Na5 12. h5 Nc4 13. Bxc4 Rxc4 14. hxg6 fxg6
15. O-O-O Qc7 16. Nde2 Rc8 17. Kb1 Be6 18. Nf4 Qd7 19. e5 Rxc3 20. bxc3 Qb5+
21. Ka1 Bc4 22. Rb1 Qa5 23. Rb2 dxe5 24. Nd3 Nd5 25. Nb4 e4 26. Nxd5 Bxd5 27.
Bd4 Rc4 28. Rd1 Bxd4 29. cxd4 Qxd2 30. Rxd2 exf3 31. gxf3 Rc3 32. Rd3 Rxd3 33.
cxd3 Bxf3 34. Kb1 Bd5 35. Kc1 h5 36. Kd2 h4 37. Ke3 g5 38. Rc2 h3 39. a4 Kg7
40. a5 Kg6 41. Rf2 0-1

[Event "Novi Sad"]
[Site "Novi Sad"]
[Date "1976.10.02"]
[Round "4"]
[White "Velimirovic, Dragoljub"]
[Black "Sax, Gyula"]
[Result "1/2-1/2"]
[WhiteElo "2525"]
[BlackElo "2530"]
[PlyCount "124"]
[EventDate "1976.09.29"]
[EventType "tourn"]
[EventRounds "11"]
[EventCountry "YUG"]
[Source "ChessBase"]
[SourceDate "1998.11.10"]
[WhiteTeamCountry "YUG"]
[BlackTeamCountry "FIN"]

1. e4 c5 2. Nf3 e6 3. c3 d5 4. exd5 exd5 5. d4 Nc6 6. Bb5 Bd6 7. dxc5 Bxc5 8.
O-O Nge7 9. Nbd2 O-O 10. Nb3 Bd6 11. Nbd4 Bg4 12. Qa4 Bd7 13. Bd3 Ne5 14. Qc2
Nxd3 15. Qxd3 h6 16. h3 Qc8 17. Re1 Re8 18. Bd2 Qc4 19. Qc2 Ng6 20. a3 Ne5 21.
Nxe5 Rxe5 22. Rxe5 Bxe5 23. Nf3 Bf6 24. Be3 Re8 25. Qd2 a5 26. Rd1 Bc6 27. Bd4
Re2 28. Qc1 Ba4 29. Re1 Bxd4 30. Rxe2 Qxe2 31. Nxd4 Qe4 32. f3 Qe5 33. Kf2 Bd7
34. Qe3 Qd6 35. Nb3 b6 36. Qd4 Qc6 37. Qd3 Qd6 38. Nd4 h5 39. Qe3 Qf6 40. f4
Qh4+ 41. Ke2 Qf6 42. Qf3 Qe7+ 43. Kd1 Qe4 44. Qxe4 dxe4 45. f5 h4 46. Ke2 Kf8
47. Ke3 Bc8 48. Kf4 Ke7 49. Nc2 Kd6 50. Ne3 Bb7 51. Kg5 Ke5 52. Ng4+ Kd5 53.
Ne3+ Ke5 54. Ng4+ Kd5 55. Kxh4 Kc4 56. f6 g6 57. Ne5+ Kb3 58. Nxf7 e3 59. Ne5
Kc2 60. Kg3 e2 61. Kf2 Kd2 62. Nc4+ Kd1 1/2-1/2

[Event "Novi Sad"]
[Site "Novi Sad"]
[Date "1976.10.03"]
[Round "5"]
[White "Smejkal, Jan"]
[Black "Velimirovic, Dragoljub"]
[Result "1-0"]
[WhiteElo "2615"]
[BlackElo "2525"]
[PlyCount "75"]
[EventDate "1976.09.29"]
[EventType "tourn"]
[EventRounds "11"]
[EventCountry "YUG"]
[Source "ChessBase"]
[SourceDate "1998.11.10"]
[WhiteTeamCountry "YUG"]
[BlackTeamCountry "FIN"]

1. c4 c5 2. Nf3 Nf6 3. Nc3 e6 4. g3 b6 5. Bg2 Bb7 6. O-O a6 7. d4 cxd4 8. Qxd4
d6 9. e4 Nbd7 10. Qe3 Be7 11. Nd4 Qb8 12. b3 O-O 13. Bb2 Re8 14. h3 Bf8 15.
Rfe1 Ra7 16. Rad1 Ba8 17. Qe2 g6 18. g4 e5 19. Nc2 Nc5 20. Nd5 Nxd5 21. exd5 b5
22. cxb5 axb5 23. Nb4 Bg7 24. Bd4 Rae7 25. Bxc5 dxc5 26. d6 Rd7 27. Bxa8 Qxa8
28. Qxb5 Qb7 29. Qxb7 Rxb7 30. Na6 Rd8 31. Nxc5 Rb6 32. Ne4 f6 33. Rd5 Rb4 34.
f3 Rd4 35. Rd1 f5 36. R1xd4 exd4 37. gxf5 gxf5 38. Rxf5 1-0

[Event "Novi Sad"]
[Site "Novi Sad"]
[Date "1976.10.05"]
[Round "6"]
[White "Velimirovic, Dragoljub"]
[Black "Popovic, Petar"]
[Result "1-0"]
[WhiteElo "2525"]
[BlackElo "2405"]
[PlyCount "71"]
[EventDate "1976.09.29"]
[EventType "tourn"]
[EventRounds "11"]
[EventCountry "YUG"]
[Source "ChessBase"]
[SourceDate "1998.11.10"]
[WhiteTeamCountry "YUG"]
[BlackTeamCountry "FIN"]

1. e4 c5 2. Nf3 d6 3. d4 cxd4 4. Nxd4 Nf6 5. Nc3 Nc6 6. Bc4 e6 7. Be3 a6 8. Qe2
Qc7 9. O-O-O Be7 10. Bb3 Na5 11. g4 b5 12. g5 Nxb3+ 13. axb3 Nd7 14. Nf5 exf5
15. Nd5 Qd8 16. exf5 Bb7 17. f6 gxf6 18. Rhe1 Bxd5 19. Rxd5 Rg8 20. gxf6 Nxf6
21. Rf5 Rb8 22. Ba7 Rb7 23. Bd4 Ng4 24. Qf3 Rd7 25. Qh3 Ne5 26. f4 Bh4 27. Re2
Re7 28. fxe5 dxe5 29. Bc5 Bg5+ 30. Kb1 f6 31. Qh5+ Rg6 32. h4 Qc8 33. Bxe7 Qxf5
34. Bb4 Qf4 35. Qxh7 Rh6 36. Qe7# 1-0

[Event "Novi Sad"]
[Site "Novi Sad"]
[Date "1976.10.06"]
[Round "7"]
[White "Garcia Gonzales, Guillermo"]
[Black "Velimirovic, Dragoljub"]
[Result "0-1"]
[WhiteElo "2475"]
[BlackElo "2525"]
[PlyCount "63"]
[EventDate "1976.09.29"]
[EventType "tourn"]
[EventRounds "11"]
[EventCountry "YUG"]
[Source "ChessBase"]
[SourceDate "1998.11.10"]
[WhiteTeamCountry "YUG"]
[BlackTeamCountry "FIN"]

1. d4 Nf6 2. c4 c5 3. Nf3 e6 4. g3 cxd4 5. Nxd4 d5 6. Bg2 e5 7. Nc2 d4 8. O-O
Nc6 9. b4 Be6 10. f4 Bxc4 11. fxe5 Ng4 12. Nba3 Bd5 13. Bxd5 Qxd5 14. e4 Qd7
15. e6 Qxe6 16. Nxd4 Nxd4 17. Qxd4 a6 18. Rb1 Rd8 19. Qb2 Bd6 20. Qe2 O-O 21.
Nc4 Bb8 22. Rf5 Ba7+ 23. Kg2 Rc8 24. Qxg4 Rxc4 25. Bb2 g6 26. Be5 Rc2+ 27. Kh3
Qxa2 28. Rh1 Bg1 29. Qg5 Rxh2+ 30. Rxh2 Qxh2+ 31. Kg4 h5+ 32. Kf3 0-1

[Event "Novi Sad"]
[Site "Novi Sad"]
[Date "1976.10.07"]
[Round "8"]
[White "Velimirovic, Dragoljub"]
[Black "Marjan, Dusan"]
[Result "1-0"]
[WhiteElo "2525"]
[BlackElo "2235"]
[PlyCount "121"]
[EventDate "1976.09.29"]
[EventType "tourn"]
[EventRounds "11"]
[EventCountry "YUG"]
[Source "ChessBase"]
[SourceDate "1998.11.10"]
[WhiteTeamCountry "YUG"]
[BlackTeamCountry "FIN"]

1. e4 e5 2. Nf3 Nc6 3. Bb5 a6 4. Bxc6 dxc6 5. O-O f6 6. d4 Bg4 7. c3 Bd6 8. Be3
Bxf3 9. Qxf3 Ne7 10. Rd1 Ng6 11. Nd2 O-O 12. Nf1 Qe8 13. Ng3 Ne7 14. Rd2 Rd8
15. Rad1 exd4 16. Bxd4 Rc8 17. c4 c5 18. Be3 b6 19. Bf4 Bxf4 20. Qxf4 Ng6 21.
Qf5 Ne5 22. b3 Nf7 23. f4 Qc6 24. Qg4 g6 25. h4 Nh6 26. Qe2 Rce8 27. Rd7 Rf7
28. Qd3 Kf8 29. Rd5 Rfe7 30. h5 Qe6 31. Rf1 Qg4 32. Qc3 Kf7 33. Rf3 Qh4 34. e5
Ng4 35. Nf1 gxh5 36. Qd2 Nh6 37. e6+ Kf8 38. f5 Qg5 39. Qxg5 fxg5 40. Ng3 h4
41. Ne4 Ng4 42. Nxg5 Nf6 43. Rf4 Rg7 44. Ne4 Ke7 45. Rd7+ Nxd7 46. exd7 Kxd7
47. Nf6+ Ke7 48. Nxe8 Kxe8 49. Rxh4 Kf8 50. Kf2 Rd7 51. Ke3 Kg7 52. Re4 Kf6 53.
Kf4 Rd2 54. Re6+ Kf7 55. g4 Rxa2 56. Rc6 Re2 57. Rxc7+ Re7 58. Rxe7+ Kxe7 59.
Ke5 h6 60. Kd5 Kd7 61. f6 1-0

[Event "Novi Sad"]
[Site "Novi Sad"]
[Date "1976.10.08"]
[Round "9"]
[White "Vukic, Milan"]
[Black "Velimirovic, Dragoljub"]
[Result "0-1"]
[WhiteElo "2510"]
[BlackElo "2525"]
[PlyCount "130"]
[EventDate "1976.09.29"]
[EventType "tourn"]
[EventRounds "11"]
[EventCountry "YUG"]
[Source "ChessBase"]
[SourceDate "1998.11.10"]
[WhiteTeamCountry "YUG"]
[BlackTeamCountry "FIN"]

1. Nf3 c5 2. c4 Nf6 3. Nc3 e6 4. g3 a6 5. Bg2 Be7 6. O-O O-O 7. d4 cxd4 8. Nxd4
Qc7 9. Qd3 Nc6 10. b3 Rb8 11. e4 b5 12. cxb5 Nxd4 13. Qxd4 Bc5 14. Bf4 e5 15.
Qxe5 d6 16. Qg5 h6 17. Qh4 Bd4 18. Bd2 axb5 19. Rac1 Qa7 20. Rc2 Ng4 21. Nd1
Be6 22. h3 Bf6 23. Qh5 g6 24. Qxg4 Bxg4 25. hxg4 Rfc8 26. Be3 Qd7 27. Rd2 Qxg4
28. Bxh6 Rd8 29. Ne3 Qh5 30. Bf4 Be5 31. Nd5 Kg7 32. Rfd1 Rbc8 33. Be3 Rh8 34.
f4 Qh2+ 35. Kf2 Rh3 36. fxe5 dxe5 37. Kf1 Rxg3 38. Bg1 Qh5 39. Re1 Rh8 40. Re3
Qg5 41. Rc2 Rxe3 42. Nxe3 Rd8 43. Bf2 Rd3 44. Re2 Qf4 45. Kg1 Rc3 46. Re1 Qg5
47. Kf1 Qd8 48. Rd1 Rd3 49. Ke2 Rxd1 50. Nxd1 f5 51. a4 f4 52. Be1 g5 53. Bf3
Qc8 54. Nf2 bxa4 55. bxa4 Qc4+ 56. Nd3 g4 57. Bxg4 Qxe4+ 58. Kd2 Qg2+ 59. Nf2
e4 60. Ke2 Qg3 61. a5 Qe3+ 62. Kf1 f3 63. Bxf3 exf3 64. Bb4 Qb3 65. Be1 Qb5+
0-1

[Event "Novi Sad"]
[Site "Novi Sad"]
[Date "1976.10.11"]
[Round "11"]
[White "Deze, Anton"]
[Black "Velimirovic, Dragoljub"]
[Result "0-1"]
[WhiteElo "2415"]
[BlackElo "2525"]
[PlyCount "81"]
[EventDate "1976.09.29"]
[EventType "tourn"]
[EventRounds "11"]
[EventCountry "YUG"]
[Source "ChessBase"]
[SourceDate "1998.11.10"]
[WhiteTeamCountry "YUG"]
[BlackTeamCountry "FIN"]

1. c4 c5 2. Nf3 Nf6 3. Nc3 e6 4. g3 Be7 5. Bg2 O-O 6. O-O a6 7. e4 Nc6 8. d4
cxd4 9. Nxd4 Qc7 10. b3 d6 11. Bb2 Bd7 12. Nc2 Rab8 13. Qe2 Rfc8 14. Rac1 Be8
15. Rfd1 Qa5 16. Ne3 b5 17. Ba1 b4 18. Nb1 Qb6 19. Nd2 a5 20. Ndf1 Nd7 21. Kh1
a4 22. f4 axb3 23. axb3 Nc5 24. Rb1 Ra8 25. Nd5 exd5 26. exd5 Rxa1 27. Rxa1 Bf6
28. dxc6 Bxa1 29. Rxa1 Nxb3 30. Rb1 Nd4 31. Qg4 Rb8 32. Ne3 Bxc6 33. Bd5 Re8
34. Bxc6 Qxc6+ 35. Nd5 h6 36. Qh5 Qxc4 37. h4 Qd3 38. Rd1 Qe4+ 39. Kh2 b3 40.
Qg4 Qxd5 41. Kh3 0-1

[Event "Novi Sad"]
[Site "Novi Sad"]
[Date "1976.10.12"]
[Round "12"]
[White "Velimirovic, Dragoljub"]
[Black "Sigurjonsson, Gudmundur"]
[Result "0-1"]
[WhiteElo "2525"]
[BlackElo "2530"]
[PlyCount "116"]
[EventDate "1976.09.29"]
[EventType "tourn"]
[EventRounds "11"]
[EventCountry "YUG"]
[Source "ChessBase"]
[SourceDate "1998.11.10"]
[WhiteTeamCountry "YUG"]
[BlackTeamCountry "FIN"]

1. e4 g6 2. h4 h5 3. d4 Bg7 4. Nc3 c6 5. Bc4 d6 6. Qf3 e6 7. Nge2 b5 8. Bd3 e5
9. Bg5 Qc7 10. dxe5 dxe5 11. Bxb5 Bg4 12. Qg3 cxb5 13. O-O-O Nd7 14. Nxb5 Qc6
15. Qb3 Rb8 16. Nd6+ Qxd6 17. Rxd6 Rxb3 18. cxb3 Bxe2 19. Kd2 Bg4 20. f3 Be6
21. Rc1 Ngf6 22. Rc7 Ke7 23. Ra6 Rb8 24. Raxa7 Ke8 25. Rab7 Rxb7 26. Rxb7 Kd8
27. Ra7 Kc8 28. Kc3 Kb8 29. Ra5 Bf8 30. Rb5+ Kc7 31. Be3 Ng8 32. a4 Kc6 33. b4
Ne7 34. Ra5 Nc8 35. b3 Be7 36. Bg5 Bd6 37. Bd8 Bb8 38. g4 hxg4 39. fxg4 Nd6 40.
h5 gxh5 41. gxh5 Nxe4+ 42. Kb2 Ng3 43. h6 Bf5 44. b5+ Kb7 45. b6 Bh7 46. Bc7
Bxc7 47. bxc7 Nf5 48. b4 Nxh6 49. Ra8 Kxc7 50. Rh8 Nf6 51. b5 Nhg8 52. Kc3 e4
53. Kd4 Kb6 54. Ke3 Kc5 55. Kf4 Ne7 56. Ke3 Ned5+ 57. Kf2 e3+ 58. Ke1 Bd3 0-1